[Event "Panevezys Elite Open 2019"]
[Site "Panevezys"]
[Date "2019.06.27"]
[Round "6.8"]
[White "Rudzinska, Michalina"]
[Black "Gleizerov, Evgeny"]
[Result "0-1"]
[WhiteElo "2143"]
[BlackElo "2495"]
[Annotator "TA"]
[PlyCount "126"]
[EventDate "2019.06.24"]
[EventType "swiss"]
[EventCountry "LTU"]
[SourceTitle "playchess.com"]
[Source "ChessBase"]
[SourceQuality "1"]

{[%evp 25,126,20,24,0,0,0,0,-118,-108,-138,-142,-133,-25,-78,-67,-88,-27,-38,-17,-87,14,4,5,14,10,8,24,0,0,0,0,0,0,0,7,0,0,0,0,-47,-48,-87,-87,-100,-79,-90,-70,-69,-59,-65,-62,-83,-88,-150,-152,-135,-99,-99,-99,-95,-45,-46,-29,-32,-29,-32,-29,-32,-32,-32,-32,-118,-118,-125,-125,-131,-107,-110,-111,-29961,-29961,-29970,-29971,-29971,-29971,-29969,-29970,-29953,-6075,-29974,-29975,-29976,-29977,-29977,-29978,-29978,-29979,-29979,-29978,-29977,-29980,-5632,-5632]} 1. e4 e6 2. d4 d5 3. Nd2 Nf6 4. e5 Nfd7 5. Bd3 c5 6. c3 Nc6 7. Ne2 cxd4 8. cxd4 f6 9. exf6 Nxf6 10. Nf3 Bd6 11. O-O O-O 12. Bf4 Bxf4 13. Nxf4 Ng4 14. Nh5 {C06: French Tarrasch: 3...Nf6 4 e5 Nfd7 5 Bd3 main lines} (14. Qd2 Qf6 15. Ne2 e5 16. dxe5 Ngxe5 17. Nxe5 Qxe5 18. Rae1 Be6 19. Bb5 Qd6 20. Nd4 Bd7 21. Nb3 Rad8 22. Bxc6 bxc6 {½-½ (86) Jones,G (2666)-Volkov,S (2557) Linares 2018}) 14... g6 15. Ng3 Qb6 {[#]} 16. Qb1 $146 (16. h3 $11 Nf6 17. Ne2) ({Predecessor:} 16. Qb3) 16... Nxd4 $17 17. Bxg6 Nxf3+ 18. gxf3 {[#]} Nf6 (18... Ne5 $1 $17 19. Bh5 Nxf3+ 20. Bxf3 Rxf3) 19. Bd3 $11 e5 20. Bf5 Bxf5 (20... Kh8 $17) 21. Qxf5 Rae8 22. Rac1 ({Of course not} 22. Qg5+ Kh8 $17) (22. Rae1 $1 $11) 22... Rf7 ({Not} 22... Qxb2 $2 23. Qg5+ Kf7 24. Rc7+ Re7 25. Rfc1 $16) (22... Kh8 $17 {Strongly threatening ...Ne4.} 23. Qh3 Rg8) 23. Rc8 $1 Rxc8 24. Qxc8+ Rf8 25. Qf5 Qd6 26. Qg5+ Kh8 27. Nf5 {[%csl Gf5][%cal Rg5g7]} Qd7 {aiming for ...Rg8.} 28. Kh1 Qf7 $36 {[%mdl 2048] Black has good play.} 29. Rg1 Ng8 30. Nh4 Qf6 31. Qh5 {Black must now prevent Ng6+.} Ne7 32. Rg5 e4 33. Rg3 Qxb2 34. Qg5 Qf6 35. fxe4 Qxg5 36. Rxg5 $17 {[%mdl 4096] Endgame KRN-KRN} Rf4 37. Nf5 Nxf5 38. exf5 Rxf2 $15 {[#] KR-KR} 39. f6 $1 {[%mdl 512]} Rxf6 $17 40. Rxd5 Kg7 41. Kg2 Kg6 42. a4 b6 43. a5 bxa5 44. Rxa5 a6 45. Kg3 h6 46. Kg4 Kf7 47. h4 Ke7 48. Kh5 ({White should play} 48. Rd5 $1 $15) 48... Kd7 49. Ra1 Kc7 50. Rc1+ Kb6 51. Rb1+ Kc5 52. Rb8 $2 {[%mdl 8192]} (52. Rc1+ $17 Kb6 53. Rb1+ Kc7 54. Ra1) 52... a5 {[%cal Ba6a5,Ba5a4,Ba4a3,Ba3a2][%mdl 32]} 53. Rb1 a4 54. Rc1+ Kb4 55. Rb1+ Kc3 56. Rc1+ Kb2 57. Rg1 a3 58. Rg2+ Kb3 59. Rg3+ Kb4 60. Rg4+ Kb5 61. Rg1 Ra6 62. Rf1 a2 63. Ra1 Kc4 {Accuracy: White = 38%, Black = 71%.} 0-1

[Event "Panevezys Elite Open 2019"]
[Site "Panevezys"]
[Date "2019.06.27"]
[Round "6.9"]
[White "Juksta, Karolis"]
[Black "Zhukov, Anton"]
[Result "1/2-1/2"]
[WhiteElo "2261"]
[BlackElo "2178"]
[Annotator "TA"]
[PlyCount "70"]
[EventDate "2019.06.24"]
[EventType "swiss"]
[EventCountry "LTU"]
[SourceTitle "playchess.com"]
[Source "ChessBase"]
[SourceQuality "1"]

{[%evp 12,70,2,-8,7,0,0,0,0,12,9,-20,-28,-45,-38,-78,-72,-68,-72,-74,-45,-41,-41,-66,-58,-118,-121,-144,-55,-73,-48,-45,-48,-52,-50,-83,-56,-85,-68,-80,-80,-63,0,0,0,0,0,0,0,0,0,0,0,0,0,-6,0,0,0,-6,0]} 1. d4 Nf6 2. c4 e6 3. Nc3 Bb4 4. e3 O-O 5. Nge2 d5 6. a3 Bd6 7. Ng3 c6 {E46: Nimzo-Indian: Rubinstein: 4 e3 0-0 5 Ne2 without early Bd3} 8. Bd3 (8. Be2 e5 9. O-O dxc4 10. Bxc4 exd4 11. exd4 Nbd7 12. Ba2 Nb6 13. Bg5 h6 14. Bxf6 Qxf6 15. Nge4 {½-½ (30) Babula,V (2549)-Hracek,Z (2585) Ostrava 2019}) 8... dxc4 9. Bxc4 e5 10. dxe5 Bxe5 11. Qxd8 (11. Qc2 {with more complications.} Nbd7 12. O-O Nc5 13. Nce2 Qe7 14. Rd1) 11... Rxd8 12. Bd2 Nbd7 13. Rd1 $146 ({Predecessor:} 13. f4 Bc7 14. O-O-O Nc5 15. b4 {0-1 (72) Kvisla,J (2175)-Lovik,L (2311) Lillehammer 2013}) 13... Nc5 $36 {[%mdl 2048] Black is on the roll.} 14. O-O Be6 15. Bxe6 Nxe6 16. f4 Bc7 17. Bc1 Bb6 18. b4 (18. Na4 $15) 18... Rxd1 $17 19. Nxd1 {[#]} Rd8 ({Black should try} 19... a5 $1 $17 20. bxa5 Rxa5) 20. Nf2 a5 21. f5 Nc7 22. bxa5 $1 Bxa5 23. Rd1 Re8 24. Kf1 Ncd5 25. e4 Nc3 26. Rd3 {[#] Bd2 is the strong threat.} Ncxe4 (26... Na4 $1 $15) 27. Nfxe4 {The position is equal.} Nxe4 28. Nxe4 Rxe4 $15 {[%mdl 4096] Endgame KRB-KRB} 29. Bd2 Bb6 $1 30. Rb3 Bc5 31. Rxb7 {aiming for Rb8+.} h5 32. Rb8+ Kh7 33. Rb7 Kg8 34. Rb8+ Kh7 35. Rb7 Kg8 {Accuracy: White = 49%, Black = 53%.} 1/2-1/2

[Event "Panevezys Elite Open 2019"]
[Site "Panevezys"]
[Date "2019.06.27"]
[Round "6.10"]
[White "Kalinowska, Zuzanna"]
[Black "Cholleti Sahajasri"]
[Result "0-1"]
[WhiteElo "2093"]
[BlackElo "2207"]
[Annotator "TA"]
[PlyCount "104"]
[EventDate "2019.06.24"]
[EventType "swiss"]
[EventCountry "LTU"]
[SourceTitle "playchess.com"]
[Source "ChessBase"]
[SourceQuality "1"]

{[%evp 13,104,0,0,0,0,0,0,0,0,-54,0,0,0,-8,0,-131,-136,-131,-138,-110,-137,-125,-97,-107,-89,-189,-82,-85,-85,-84,-83,-70,-67,-62,-68,-87,-62,-125,-125,-125,-125,-132,-132,-132,-124,-120,-124,-116,-68,-136,-143,-140,-126,-120,-133,-131,-125,-124,-116,-129,-128,-124,-126,-131,-131,-133,-140,-157,-170,-213,-205,-239,-216,-206,-179,-234,-247,-247,-247,-236,-190,-301,-300,-343,-343,-334,-335,-297,-281,-677,-677,-663,-614]} 1. d4 Nf6 2. c4 e6 3. Nc3 Bb4 4. Qc2 O-O 5. e4 d5 6. e5 Ne4 7. Bd3 c5 8. Nge2 {E32: Nimzo-Indian: Classical (4 Qc2): 4...0-0} cxd4 9. Nxd4 Nd7 10. Bf4 {The position is equal.} Ndc5 11. Rd1 $146 (11. cxd5 $11 Qxd5 12. O-O Bxc3 13. bxc3) ({Predecessor:} 11. O-O Bxc3 12. bxc3 b6 13. cxd5 exd5 14. Be2 Bd7 15. f3 Ng5 {1-0 (38) Vallejo Pons,F (2695)-Zhigalko,A (2545) St Petersburg 2018}) 11... Qa5 {[%cal Rb4c3]} 12. O-O {[%cal Rd3e4]} Bxc3 13. bxc3 Qxc3 14. Nb5 (14. Ne2 $11 Qa5 15. cxd5 Nxd3 16. Rxd3 (16. Qxd3 exd5 17. Qxd5 Qxd5 $11)) 14... Qxc2 $17 15. Bxc2 Bd7 ({Much worse is} 15... dxc4 $6 16. f3 $11) 16. Bxe4 Nxe4 17. Na3 Bc6 18. Rc1 Rac8 19. c5 (19. Rfd1 $17) 19... f6 (19... d4 $1 $19 {has better winning chances. And now ...Nc3 would win.} 20. Rfe1 Rfd8) 20. f3 fxe5 21. Bxe5 Nf6 22. Rfe1 Nd7 23. Bd6 Rfe8 $1 24. Nc2 e5 25. Ne3 ({Better is} 25. Nb4 $15) 25... Re6 26. Rcd1 d4 27. Nc4 {[%cal Rc4e5]} Rce8 28. f4 {[#]} exf4 $1 29. Rxe6 Rxe6 30. Rxd4 g5 31. h4 ({White should play} 31. Na5 $1 $15) 31... Re2 32. Rd2 Rxd2 33. Nxd2 gxh4 34. Bxf4 Nxc5 {[%mdl 4096] Endgame KBN-KBN} 35. Bg5 Bd5 36. a3 Kf7 37. Bxh4 Ke6 38. Bf2 b6 39. Bd4 Kd6 40. Kf2 Kc6 41. g4 Kb5 42. Nb1 Ne4+ 43. Ke3 Kc4 44. Bg7 {[#]} (44. g5 $142) 44... Kb3 $1 $19 {[%cal Rb3c2] ...Kc2 is the strong threat.} 45. Kd3 Ka2 46. Kc2 Be6 47. g5 (47. Bf8 $142) 47... Bf5 48. Kc1 Nxg5 49. Nc3+ Kxa3 50. Nb5+ Kb4 51. Nxa7 $2 (51. Nd6 Bd7 52. Bf6) 51... Bd7 52. Kd2 Ka5 {Accuracy: White = 48%, Black = 79%.} 0-1

[Event "Panevezys Elite Open 2019"]
[Site "Panevezys"]
[Date "2019.06.27"]
[Round "6.11"]
[White "Juknis, Paulius"]
[Black "Kaunas, Kestutis"]
[Result "1/2-1/2"]
[WhiteElo "2169"]
[BlackElo "2151"]
[Annotator "TA"]
[PlyCount "41"]
[EventDate "2019.06.24"]
[EventType "swiss"]
[EventCountry "LTU"]
[SourceTitle "playchess.com"]
[Source "ChessBase"]
[SourceQuality "1"]

{[%evp 21,22,0,0]} 1. d4 d5 2. c4 c6 3. cxd5 cxd5 4. Nc3 Nf6 5. Nf3 Nc6 6. Bf4 Bf5 7. e3 e6 8. Bd3 Bxd3 9. Qxd3 Bd6 10. Bxd6 Qxd6 11. O-O O-O {Predecessor:} 12. Rac1 $146 Rfc8 13. h3 Ne7 14. Rc2 Qd8 15. Rfc1 h6 16. Ne2 Rxc2 17. Rxc2 Rc8 18. Nc1 Rxc2 19. Qxc2 Qc8 20. Qxc8+ Nxc8 21. Nd3 {½-½ (30) Leko,P (2674)-Rapport,R (2736) Hengshui 2019} 1/2-1/2

[Event "Panevezys Elite Open 2019"]
[Site "Panevezys"]
[Date "2019.06.27"]
[Round "6.12"]
[White "Stasans, Aivars"]
[Black "Sinitsina, Anastassia"]
[Result "0-1"]
[WhiteElo "2039"]
[BlackElo "2095"]
[Annotator "NA RC"]
[PlyCount "120"]
[EventDate "2019.06.24"]
[EventType "swiss"]
[EventCountry "LTU"]
[SourceTitle "playchess.com"]
[Source "ChessBase"]
[SourceQuality "1"]
[TimeControl "40/5400+30:1800+30"]

1. e4 {[%emt 0:00:00]} c5 {[%emt 0:00:00]} 2. Nf3 {[%emt 0:00:08]} e6 {[%emt 0:00:05]} 3. d4 {[%emt 0:00:07]} cxd4 {[%emt 0:00:20]} 4. Nxd4 {[%emt 0:00:07]} Nc6 {[%emt 0:00:43]} 5. Nc3 {[%emt 0:00:11]} Qc7 {[%emt 0:00:44]} 6. Be3 {[%emt 0:00:15]} a6 {[%emt 0:00:16]} 7. Qd2 {[%emt 0:00:11]} Nf6 {[%emt 0:00:23]} 8. f3 {[%emt 0:00:16]} Ne5 {[%emt 0:05:36]} 9. Bf4 {[%emt 0:09:38]} d6 {[%emt 0:03:39]} 10. Nb3 {[%emt 0:08:19]} Be7 {[%emt 0:02:28]} 11. O-O-O {[%emt 0:01:00]} O-O $15 {[%emt 0:08:01]} 12. Kb1 {[%emt 0:01:05]} b5 {[%emt 0:00:46]} 13. a3 {[%emt 0:10:59]} Bb7 {[%emt 0:02:49]} 14. Qf2 {[%emt 0:06:53]} Ng6 {[%emt 0:04:46]} 15. Bg3 {[%emt 0:03:04]} Nh5 {[%emt 0:04:30]} 16. f4 {[%emt 0:03:44]} Bf6 {[%emt 0:06:20]} 17. Rd3 {[%emt 0:04:06]} Nxg3 {[%emt 0:00:42]} 18. hxg3 {[%emt 0:01:14]} Rac8 {[%emt 0:06:16]} 19. Qe3 {[%emt 0:13:17]} a5 {[%emt 0:06:06]} 20. Nd4 {[%emt 0:05:02]} b4 {[%emt 0:00:47]} 21. Ndb5 {[%emt 0:00:33]} Qb8 {[%emt 0:00:25]} 22. axb4 {[%emt 0:06:18]} axb4 {[%emt 0:00:08]} 23. Nd1 {[%emt 0:00:29]} Ba6 {[%emt 0:01:26]} 24. Nxd6 {[%emt 0:08:17]} Bxd3 {[%emt 0:00:17]} 25. Bxd3 {[%emt 0:01:09]} Qxd6 {[%emt 0:00:24]} 26. e5 {[%emt 0:00:01]} Qc5 {[%emt 0:01:17]} 27. exf6 {[%emt 0:00:31]} Qxe3 {[%emt 0:00:18]} 28. Nxe3 {[%emt 0:00:01]} gxf6 {[%emt 0:00:16]} 29. Ka2 {[%emt 0:02:14]} f5 {[%emt 0:05:30]} 30. Kb3 {[%emt 0:01:15]} Rb8 {[%emt 0:00:04]} 31. Ra1 {[%emt 0:01:03]} h5 {[%emt 0:01:14]} 32. Rf1 {[%emt 0:02:19]} Kg7 {[%emt 0:00:26]} 33. Nc4 {[%emt 0:01:13]} Rh8 {[%emt 0:01:16]} 34. Nd6 {[%emt 0:00:38]} h4 {[%emt 0:01:58]} 35. gxh4 {[%emt 0:00:28]} Rxh4 {[%emt 0:00:11]} 36. g3 {[%emt 0:00:07]} Rh3 {[%emt 0:01:43]} 37. Rg1 {[%emt 0:00:48]} Kf6 {[%emt 0:00:30]} 38. Kc4 {[%emt 0:02:31]} Ne7 {[%emt 0:01:39]} 39. Kc5 {[%emt 0:02:14]} Rg8 {[%emt 0:01:31]} 40. Kxb4 {[%emt 0:00:31]} Nd5+ {[%emt 0:00:14]} 41. Kc5 {[%emt 0:30:56]} Nxf4 {[%emt 0:30:32]} 42. gxf4 {[%emt 0:02:02]} Rxg1 {[%emt 0:00:08]} 43. b4 {[%emt 0:00:18]} Ke7 {[%emt 0:14:36]} 44. Nc4 {[%emt 0:03:06]} f6 {[%emt 0:02:29]} 45. b5 {[%emt 0:00:20]} Kd7 {[%emt 0:00:46]} 46. b6 {[%emt 0:02:05]} Rg8 {[%emt 0:02:41]} 47. Nd6 {[%emt 0:00:00]} Rb8 {[%emt 0:00:00]} 48. Bb5+ {[%emt 0:00:00]} Ke7 {[%emt 0:00:00]} 49. Bd3 {[%emt 0:00:00]} Rhh8 {[%emt 0:00:00]} 50. Ba6 {[%emt 0:00:00]} Rxb6 {[%emt 0:00:00]} 51. Nxf5+ {[%emt 0:00:00]} exf5 {[%emt 0:00:00]} 52. Kxb6 {[%emt 0:00:00]} Rh4 {[%emt 0:00:00]} 53. c4 {[%emt 0:00:00]} Rxf4 {[%emt 0:00:00]} 54. c5 {[%emt 0:00:00]} Rb4+ {[%emt 0:00:00]} 55. Kc6 {[%emt 0:00:00]} f4 {[%emt 0:00:00]} 56. Kd5 {[%emt 0:00:00]} f3 {[%emt 0:00:00]} 57. c6 {[%emt 0:00:00]} Kd8 {[%emt 0:00:00]} 58. Kd6 {[%emt 0:00:00]} Rd4+ {[%emt 0:00:00]} 59. Kc5 {[%emt 0:00:00]} Rd2 {[%emt 0:00:00]} 60. Kb6 {[%emt 0:00:00]} Rb2+ {[%emt 0:00:00]} 0-1

[Event "Panevezys Elite Open 2019"]
[Site "Panevezys"]
[Date "2019.06.27"]
[Round "6.13"]
[White "Harshita Guddanti"]
[Black "Zaura, Vidmantas"]
[Result "1-0"]
[WhiteElo "2072"]
[BlackElo "2223"]
[Annotator "TA"]
[PlyCount "116"]
[EventDate "2019.06.24"]
[EventType "swiss"]
[EventCountry "LTU"]
[SourceTitle "playchess.com"]
[Source "ChessBase"]
[SourceQuality "1"]

{[%evp 14,116,63,54,52,0,0,0,0,0,33,-11,0,-29,-27,-36,-16,-18,44,0,0,0,0,0,0,-16,0,-16,0,-29,-20,-31,-33,-30,-25,-92,-95,-106,-81,-103,-42,-48,113,109,99,-111,77,62,60,71,80,14,46,0,70,58,79,98,90,23,42,23,10,27,163,171,179,169,174,173,162,171,180,158,172,179,254,251,374,386,361,372,372,372,645,346,378,376,387,261,482,470,1228,1202,29970,29971,29971,29972,29972,29973,29973,29974,29974,29975,29977]} 1. e4 e5 2. Nf3 Nf6 3. Nxe5 Nxe4 4. Qe2 Qe7 5. Qxe4 d6 6. d4 dxe5 7. dxe5 Nc6 8. Bb5 Bd7 {C42: Petroff Defence: 3 Nxe5 and unusual White 3rd moves} 9. O-O (9. Nc3 $14) (9. Nc3 O-O-O 10. Bf4 g5 11. Bg3 a6 12. Ba4 Re8 13. Qe3 f5 14. f4 gxf4 15. Bxf4 Nxe5 16. O-O-O Bxa4 17. Nxa4 {½-½ (31) Neto,H (2615)-Cruzado Duenas,C (2602) ICCF email 2012}) 9... O-O-O $11 10. Nc3 Nxe5 {The position is equal.} 11. Bxd7+ Nxd7 12. Qa4 a6 $1 13. a3 Nc5 $146 ({Predecessor:} 13... Qf6 14. Be3 Bd6 15. Ne4 Qe5 16. Nxd6+ Qxd6 {½-½ (38) Keller,P (2065)-Khrapko,M (1818) Bad Homburg 2013}) 14. Qa5 Qe6 15. Be3 Ne4 (15... b6 $11 16. Qb4 Bd6) 16. Rfe1 (16. Bf4 $5 {[%cal Ra5c7]} Bd6 17. Rae1 Bxf4 18. Rxe4 $14 {[%mdl 64] Double Attack}) 16... Nxc3 17. Qxc3 {aiming for Bg5.} Qf5 18. b4 Bd6 19. Rab1 (19. Qxg7 Be5 $17) 19... Rhe8 20. g3 f6 21. b5 axb5 22. Qa5 b6 23. Qa6+ Kd7 24. Rbd1 (24. Rxb5 $11 Qxc2 25. Rbb1) 24... Kc6 $17 25. c4 bxc4 $1 26. Rc1 Kd7 (26... Bc5 $17 27. Qxc4 Kb7 28. Bxc5 Qxc5) 27. Qxc4 $15 Qe4 $2 (27... Re6 $15 {keeps the upper hand.}) 28. Qb5+ $16 Kc8 29. Bd2 $2 (29. Qxb6 $1 $16 {and life is bright. Hoping for Rc6.} Qa4 30. Qb1) 29... Qg6 $2 (29... Re5 $17 {keeps the pressure on.} 30. Qb2 Qb7) 30. Qxb6 {Strongly threatening Rxe8.} Rxe1+ $1 31. Bxe1 Qe4 {And now ...Qxe1+! would win.} 32. Qb5 ({White should try} 32. Qa5 $16) 32... Be5 33. a4 Qd5 (33... h5 $11) 34. Qa6+ $14 Kd7 35. Qe2 {Rd1 is the strong threat.} Kc8 36. Qg4+ ({Better is} 36. a5 $16) 36... Rd7 $11 37. a5 Bd4 38. Qe2 Rd6 {[#]} (38... g5 $11 {and Black is okay.}) 39. Qe7 $1 $18 {[%csl Gc1][%cal Re7c7][%mdl 512]} Rd7 40. Qf8+ Rd8 41. Qxg7 {[%csl Gc1][%cal Rg7c7]} Qd7 42. Qh6 Qf5 {[#] next ...Bb2 is good for Black.} 43. Qd2 $1 h5 44. Qe2 $40 {[%mdl 128] Black is in trouble.} h4 {[#]} (44... Rd6 {was necessary.} 45. Qe8+ Kb7) 45. Qa6+ $1 Kd7 (45... Kb8 $142 46. Qc4 (46. gxh4 $2 Re8 $19) 46... Qd7) 46. Qc6+ Ke7 47. Qxc7+ Rd7 48. Qc4 {Black must now prevent Bb4+.} Kf8 $2 (48... Qe6 49. Qc2 f5 50. gxh4 f4) 49. Qe2 ({Not} 49. Qb4+ Kg7 $18) 49... h3 50. Rc8+ Kg7 51. Re8 ({Don't take} 51. a6 Kh7 $18) 51... Be5 $2 (51... Kf7 52. Re4 Qd5) 52. Qc4 {Threatens to win with Qc8!} Rf7 (52... Bd4 $142 53. a6 Kg6) 53. Qh4 {White threatens Qh8+ and mate.} Kg6 54. g4 {White mates.} Qg5 55. Rg8+ Rg7 56. Rxg7+ {[%mdl 64] Overworked Piece} Kxg7 57. Qxg5+ fxg5 58. Bd2 Bd6 {Accuracy: White = 48%, Black = 39%.} 1-0

[Event "Panevezys Elite Open 2019"]
[Site "Panevezys"]
[Date "2019.06.28"]
[Round "7.1"]
[White "Krishna Teja, N."]
[Black "Stauskas, Lukas"]
[Result "1-0"]
[WhiteElo "2357"]
[BlackElo "2306"]
[Annotator "TA"]
[PlyCount "105"]
[EventDate "2019.06.24"]
[EventType "swiss"]
[EventCountry "LTU"]
[SourceTitle "playchess.com"]
[Source "ChessBase"]
[SourceQuality "1"]

{[%evp 12,105,13,0,12,-9,0,-9,0,-1,0,0,0,0,15,0,41,31,53,52,45,33,49,23,67,54,62,54,53,54,47,27,37,36,60,60,60,54,53,54,62,49,50,41,56,29,68,45,58,50,59,0,39,60,145,25,46,41,37,48,163,62,100,113,322,18,18,8,63,36,42,32,45,35,102,101,118,115,131,113,68,0,188,179,29980,29981,29982,29983,29991,29992,29992,29993,29993,29994,29995,29996]} 1. d4 Nf6 2. c4 e6 3. Nc3 Bb4 4. Qc2 O-O 5. a3 Bxc3+ 6. Qxc3 d6 7. g3 Nc6 {E32: Nimzo-Indian: Classical (4 Qc2): 4...0-0} 8. b4 $146 ({Predecessor:} 8. Bg2 e5 9. d5 Nd4 10. e3 Re8 11. Qd3 Bf5 12. e4 Bg6 13. Ne2 Nd7 14. b4 f5 15. O-O fxe4 16. Bxe4 {½-½ (28) Landa,K (2632)-Harikrishna,P (2696) Vlissingen 2013}) 8... e5 9. d5 Nd4 {aiming for ...a5!The position is equal.} 10. Nf3 Nxf3+ 11. exf3 b5 12. Bg5 Bb7 13. Rd1 bxc4 (13... Nxd5 $5 14. cxd5 Qxg5 $14) 14. Bxc4 Ne4 15. fxe4 Qxg5 16. O-O Bc8 17. Bd3 Bg4 18. Rc1 Bh3 19. Rfe1 (19. Qxc7 $2 Rac8 $19) 19... f5 20. exf5 Bxf5 21. Ba6 Rf7 22. Qe3 Qh5 23. Be2 Bg4 24. Rc4 Bxe2 25. Qxe2 Qg5 26. Qe3 Qh5 27. Rf1 Raf8 28. b5 Qh3 29. a4 Rf6 {Hoping for ...Rh6.} 30. Rh4 $36 {[%mdl 2048] White fights for an advantage.} Qf5 31. Rc4 Qh3 32. Rc2 R6f7 (32... Rh6 $14 33. f3 Rg6) 33. Rfc1 (33. Qxa7 $16 c6 34. Qa6 cxb5 35. axb5) 33... Qg4 34. Rc4 Qh5 35. Rf1 Qh3 (35... Rf3 $14 36. Qxa7 Rxf2 37. Qxf2 Rxf2 38. Rxf2 Qd1+ 39. Rf1 Qxd5) 36. a5 (36. Qxa7 $18 c5 37. Qa5) 36... Qd7 37. Rc6 Rf6 $2 (37... h5 $16 {was necessary.}) 38. f3 $2 ({White has to play} 38. Qxa7 $18 R6f7 39. a6) 38... Qf7 $1 $11 39. Qe4 Qe8 (39... h5 $11) 40. a6 Qb8 41. Qd3 Rf5 42. Kg2 e4 ({Black should play} 42... g6 $14) 43. Qxe4 $16 Qxb5 44. Rb1 Qa5 45. Qe6+ $1 R5f7 {Strongly threatening ...Qa2+.} ({Don't blunder} 45... Kh8 $2 46. Qxf5 $1 {[%mdl 512]} Rg8 47. Qd3 $18) 46. Rb7 ({White should try} 46. Kh3 $14 h6 {[#]} 47. Rb7 $1 {[%mdl 512]}) 46... Qd2+ $2 (46... Kh8 $11 47. Qe2 (47. Rxa7 $2 Qd2+ 48. Kh3 Rxf3 $19) 47... h6) 47. Kh3 $18 Qd1 $2 (47... g6 $18) 48. Rcxc7 {White mates.} Qf1+ {[#]} 49. Kh4 $1 Qf2 50. Rxf7 Qxh2+ {[#]} 51. Kg4 $1 h5+ {[#]} 52. Kf5 $1 Qc2+ {[#]} 53. Kg5 $1 {Accuracy: White = 49%, Black = 27%.} 1-0

[Event "Panevezys Elite Open 2019"]
[Site "Panevezys"]
[Date "2019.06.28"]
[Round "7.2"]
[White "Harutjunyan, Gevorg"]
[Black "Brazdzionis, Andrius"]
[Result "1-0"]
[WhiteElo "2446"]
[BlackElo "2337"]
[Annotator "NA"]
[PlyCount "57"]
[EventDate "2019.06.24"]
[EventType "swiss"]
[EventCountry "LTU"]
[SourceTitle "playchess.com"]
[Source "ChessBase"]
[SourceQuality "1"]
[TimeControl "40/5400+30:1800+30"]

1. e4 {[%emt 0:00:00]} e6 {[%emt 0:00:00]} 2. d4 {[%emt 0:00:00]} d5 {[%emt 0:00:00]} 3. Nc3 {[%emt 0:00:00]} Nf6 {[%emt 0:00:00]} 4. Bg5 {[%emt 0:00:00]} Bb4 {[%emt 0:00:05]} 5. e5 {[%emt 0:00:10]} h6 {[%emt 0:00:07]} 6. Be3 {[%emt 0:00:31]} Ne4 {[%emt 0:00:07]} 7. Qg4 {[%emt 0:00:23]} g6 {[%emt 0:00:07]} 8. a3 {[%emt 0:00:17]} Bxc3+ {[%emt 0:00:13]} 9. bxc3 {[%emt 0:00:06]} c5 {[%emt 0:00:55]} 10. Bd3 {[%emt 0:00:52]} Nxc3 {[%emt 0:00:39]} 11. dxc5 {[%emt 0:01:02]} Qa5 {[%emt 0:00:23]} 12. Qb4 {[%emt 0:16:57]} Qxb4 {[%emt 0:04:13]} 13. axb4 {[%emt 0:00:06]} Bd7 {[%emt 0:00:06]} 14. Nf3 {[%emt 0:01:41]} Bb5 {[%emt 0:10:06]} 15. Kd2 {[%emt 0:08:37]} Bxd3 {[%emt 0:06:44]} 16. Kxd3 {[%emt 0:00:45]} Nb5 {[%emt 0:08:17]} 17. Ra5 {[%emt 0:00:39]} Nc7 {[%emt 0:01:21]} 18. b5 {[%emt 0:00:35]} Kd8 {[%emt 0:02:37]} 19. Rha1 {[%emt 0:03:02]} Kc8 {[%emt 0:00:08]} 20. c6 bxc6 {[%emt 0:06:39]} 21. Rxa7 {[%emt 0:11:20]} Rxa7 {[%emt 0:00:07]} 22. Rxa7 {[%emt 0:00:05]} cxb5 {[%emt 0:01:12]} 23. Bb6 {[%emt 0:00:48]} Nba6 {[%emt 0:00:29]} 24. Nd4 {[%emt 0:01:12]} Re8 {[%emt 0:06:12]} 25. h4 {[%emt 0:07:50]} Rg8 {[%emt 0:06:06]} 26. Bxc7 {[%emt 0:00:47]} Nxc7 {[%emt 0:01:26]} 27. Nxb5 {[%emt 0:00:07]} Ne8 {[%emt 0:00:26]} 28. Rxf7 {[%emt 0:01:11]} g5 {[%emt 0:00:11]} 29. Na7+ {[%emt 0:00:08]} 1-0